Analýza pracovnej činnosti na počítači = Analysis of working with computer : Diplomová práca

Saved in:
Bibliographic Details
Main Author: Fraňová, Jana (Author)
Other Authors: Tureková, Ivana, 1960- (xxx)
Format: Manuscript Book
Language:Slovak
Published: Trnava : STU v Bratislave MTF UBEI, 2007
Subjects:
Tags: Add Tag
No Tags, Be the first to tag this record!

MARC

LEADER 00000ntm a22000003a 4500
001 stu157558
005 20160719155841.1
008 080207s2007----xo------------------slo-d
040 |a STU  |b slo 
041 0 |a slo 
044 |a xo 
100 1 |a Fraňová, Jana  |4 aut 
245 1 |a Analýza pracovnej činnosti na počítači = Analysis of working with computer :  |b Diplomová práca 
260 |a Trnava :  |b STU v Bratislave MTF UBEI,  |c 2007 
300 |a 74 s  |c 1 CD-ROM 
500 |a Program: Environmentálne a bezpečnostné inžinierstvo 
650 7 |a analýza bezpečnosti  |2 stusub 
700 1 |a Tureková, Ivana,  |d 1960-  |4 xxx  |u M5000  |U MTF Materiálovotechnologická fakulta  |T MTF Ústav bezpečnosti, environmentu a kvality  |X 207  |U M5000  |Y 85  |7 A000000207 
996 |b 284M067207  |c M*DP-6958  |l MMSKP  |s P  |a 0  |w stu157558_0001